Las fiestas de locos : ensayo sobre el talante festivo y la fantasía /

Zapisane w:
Opis bibliograficzny
1. autor: Cox, Harvey (autor)
Format: Książka
Język:hiszpański
Wydane: Madrid, España : Taurus, 1972, c1972
Seria:(Ensayistas ; 82)
Hasła przedmiotowe:
Etykiety: Dodaj etykietę
Nie ma etykietki, Dołącz pierwszą etykiete!

MARC

LEADER 00000nam^a2200000^a^4500
001 000567858
005 20250521000000.0
009 20260310132136.232
037 |a Acervo Xavier Clavigero 
041 |a ESP 
082 |a 394. 26  |b COX 
100 |a Cox, Harvey  |e (autor) 
240 1 5 |a [Las fiestas de locos: ensayo teológico sobre el talante festivo y la fantasía] 
245 1 4 |a Las fiestas de locos :  |b ensayo sobre el talante festivo y la fantasía /  |c H. Cox ; tr. por Rafael Durbán Sánchez. 
264 4 |a Madrid, España :  |b Taurus,  |c 1972, c1972 
300 |a 220 p. 
336 |a texto  |b txt  |2 rdacontenido 
337 |a sin mediación  |b n  |2 rdamedio 
338 |a volumen  |b nc  |2 rdasoporte 
440 1 |a (Ensayistas ;  |v 82) 
500 |a Traducción de: The Feast of Fools: Essay on Festivity and Fantasy 
649 |a XX 
650 |a Fiestas Religiosas 
650 |a Fiestas -  |x Tema Principal 
650 |a Fantasía -  |x Tema Principal 
650 |a Utopía 
650 |a Prácticas Culturales 
650 |a Cristianismo y Sociedad 
650 |a Teología 
650 |a Sociología de la Religión 
650 |a Antropología Cultural 
910 |a Fondo General 
920 |a Impresos - Libros 
930 |a Colección General 
905 |a 101 
901 |a 0500394767  |b IT1  |c ACC  |u 20250521 
902 |a https://opac.biblio.iteso.mx/vufind/Record/000567858